| 000 | 00505nam a2200193Ia 4500 | ||
|---|---|---|---|
| 008 | 131103s9999 xx 000 0 und d | ||
| 020 |
_a8125901019 _cRs.40 |
||
| 040 | _aLoreto College | ||
| 041 | _aEnglish | ||
| 082 |
_a004/JAS _bLCBED/13128 |
||
| 100 | _aJassal, TPS | ||
| 245 |
_aLearning computer skills _b book 6 _cTPS Jassal & HK Jassal |
||
| 260 |
_aDelhi _bMadhuban _c1996 |
||
| 300 |
_a120 _c 25cm. |
||
| 650 | _aComputer | ||
| 700 | _aJassal, HK | ||
| 850 | _aLCBED/004/JAS | ||
| 942 | _cBK | ||
| 999 |
_c33952 _d84431 |
||